Научная публикация как неотъемлемая часть успешной аттестации педагогических работников; Совершенствование системы управления качеством аттестации педагогических работников и руководителей образовательных учреждений в субъектах Российской Федерации

Dades bibliogràfiques
Parent link:Совершенствование системы управления качеством аттестации педагогических работников и руководителей образовательных учреждений в субъектах Российской Федерации.— 2013.— С. 39-41
Autor principal: Кабанова Н. Н. Наталья Николаевна
Autor corporatiu: Национальный исследовательский Томский политехнический университет (ТПУ) Институт социально-гуманитарных технологий (ИСГТ) Кафедра иностранных языков (ИЯСГТ)
Idioma:rus
Publicat: 2013
Matèries:
Format: MixedMaterials Capítol de llibre
KOHA link:https://koha.lib.tpu.ru/cgi-bin/koha/opac-detail.pl?biblionumber=312276

MARC

LEADER 00000naa2a2200000 4500
001 312276
005 20260130131832.0
035 |a (RuTPU)RU\TPU\book\337644 
090 |a 312276 
100 |a 20151218d2013 k y0rusy50 ca 
101 0 |a rus 
102 |a RU 
200 1 |a Научная публикация как неотъемлемая часть успешной аттестации педагогических работников  |f Н. Н. Кабанова 
320 |a Библиогр.: с. 41 (5 назв.) 
463 0 |0 (RuTPU)RU\TPU\book\314461  |t Совершенствование системы управления качеством аттестации педагогических работников и руководителей образовательных учреждений в субъектах Российской Федерации  |o сборник трудов I Всероссийской конференции, г. Москва, 21-22 октября 2013 г.  |f Российская академия образования (РАО), Институт управления образованием (ИУО) ; Томская область, Департамент общего образования ; Общероссийский Профсоюз образования ; Томский политехнический университет (ТПУ)  |v С. 39-41  |d 2013 
610 1 |a труды учёных ТПУ 
610 1 |a аттестация 
610 1 |a педагогические работники 
700 1 |a Кабанова  |b Н. Н.  |c специалист в области инженерной педагогики  |c ведущий менеджер Томского политехнического университета  |f 1977-  |g Наталья Николаевна  |3 (RuTPU)RU\TPU\pers\32920  |9 16768 
712 0 2 |a Национальный исследовательский Томский политехнический университет (ТПУ)  |b Институт социально-гуманитарных технологий (ИСГТ)  |b Кафедра иностранных языков (ИЯСГТ)  |3 (RuTPU)RU\TPU\col\18376 
801 1 |a RU  |b 63413507  |c 20151218 
942 |c BK